000 00876nam a2200205 a 4500
001 BRCA_1905
005 20190320203609.0
008 100011m20022009mx-a#####b---#000-0#spa-#
020 _a9701885023 (Obra completa)
050 4 _aN910.M36
_b.C38 2002
245 1 0 _aCatálogo comentado del acervo del Museo Nacional de Arte
_bpintura. Siglo XIX
_cEsther Acevedo ... [et al.].
260 _aMéxico
_bMuseo Nacional de Arte : INBA : Patronato del Museo Nacional de Arte
_c2002-2009
300 _a2 v.
_bil. (algunas a color)
_c24 cm.
505 0 _aContenido : v.1. Pintura. Siglo XIX. Ed. 2002 / colaboró Víctor Rodríguez. -- v.2. Pintura. Siglo XIX. Ed. 2009
610 2 4 _aMuseo Nacional de Arte (Ciudad de México)
_vCatálogos
_92178
650 1 4 _aArte
_vCatálogos
_zMéxico
_95879
700 1 _aAcevedo, Esther
_92537
700 1 _aRodríguez, Víctor
_95880
942 _2lcc
_cB
999 _c1678
_d1678